000 004710000a22001930004500
003 LK-CoMWRAF
005 20230901135819.0
008 230817t1993 ||||| |||| 00| 0 eng d
020 _a8185944628
040 _aLK-CoMWRAF
_dLK-CoMWRAF
_eLK-CoMWRAF
041 _aeng
082 _a892.78
_bGIB
100 _aGibran, Kahlil
245 _aBetween Night and Morn
260 _aNew Delhi (India)
_bUSB Publishers
_c1993
300 _a77p
650 _aIslam
942 _cBK
999 _c1633
_d1633